An Introduction to Naga Folksongs/ (Record no. 213999)

MARC details
000 -LEADER
fixed length control field 00607nam a22001937a 4500
005 - DATE AND TIME OF LATEST TRANSACTION
control field 20260102121358.0
010 ## - LCCN (DPL NO)
LC control number ENG-147396-397
020 ## - INTERNATIONAL STANDARD BOOK NUMBER
Terms of availability 200.00
International Standard Book Number 9789361834714
035 ## - SYSTEM CONTROL NUMBER
System control number EN-130928-929
037 ## - SOURCE OF ACQUISITION
Source of stock number/acquisition DBAD
082 ## - DEWEY DECIMAL CLASSIFICATION NUMBER
Classification number 821
Edition number 1
245 ## - TITLE STATEMENT
Title An Introduction to Naga Folksongs/
Statement of responsibility, etc Compiler & Editor by Jano L. Sekhose
250 ## - EDITION STATEMENT
Edition statement 1
260 ## - PUBLICATION, DISTRIBUTION, ETC. (IMPRINT)
Place of publication, distribution, etc New Delhi
Name of publisher, distributor, etc Sahitya Academi
Date of publication, distribution, etc 2025
270 ## - ADDRESS
City New Delhi
Address Rabindra Bhawan, 35, Fiiroz Shah Marg
Postal code 110001
300 ## - PHYSICAL DESCRIPTION
Extent 116p.
Dimensions 21cm(pb)
700 ## - ADDED ENTRY--PERSONAL NAME
Personal name Sekhose, Jano L.
Relator term Compilor & Editor
9 (RLIN) 86199
942 ## - ADDED ENTRY ELEMENTS (KOHA)
Source of classification or shelving scheme Dewey Decimal Classification
Item type English Books
Call number suffix INT
Classification part 821
Holdings
Withdrawn status Lost status Not for loan Collection code Home library Current library Date acquired Source of acquisition Cost, normal purchase price Full call number Barcode Copy number Cost, replacement price Koha item type
      Non-fiction Bawana Bawana 02/01/2026 Delivery of Books Act Division 200.00 INT 821 EN-130928 1 200.00 English Books
      Non-fiction Bawana Bawana 02/01/2026 Delivery of Books Act Division 200.00 INT 821 EN-130929 2 200.00 English Books

© Delhi Public Library
Hit Counter
free hit counter